Oral traditions and written record in classical Athens

Bibliographic Details
Published in:Cambridge studies in oral and literate culture
Main Author: Thomas, Rosalind
Content type: Book
Published: Cambridge: Univ. Pr. 1990
Edition:Repr
Series:Cambridge studies in oral and literate culture ; 18
Source:MPIPL_cat
_version_ 1863687004394356736
author Thomas, Rosalind
author_facet Thomas, Rosalind
author_search Thomas, Rosalind
author_sort Thomas, Rosalind
author_variant r t rt
callnumber-first 216-Tho/1
callnumber-label 216-THO/1
callnumber-raw 216-THO/1
callnumber-search 216-THO/1
collection_details MPIPL
container_title Cambridge studies in oral and literate culture
dedup_id_str MPIPL_cat.PL0051780
dewey-hierarchy 0/[Unassigned]/
dewey-hierarchy_str 0/[Unassigned]/
edition Repr
first_indexed 2026-03-14T00:40:04Z
format 0/Buch/
format_str 0/Buch/
fullrecord <?xml version="1.0" encoding="UTF-8"?> <collection xmlns:xsi="http://www.w3.org/2001/XMLSchema-instance" xsi:schemaLocation="http://www.loc.gov/MARC21/slim http://www.loc.gov/standards/marcxml/schema/MARC21slim.xsd" xmlns="http://www.loc.gov/MARC21/slim"> <record> <leader>00000nam a2200000 ub4500</leader> <controlfield tag="001">PL0051780</controlfield> <controlfield tag="003">PLI01000000000000000051522</controlfield> <controlfield tag="005">00000000000000.0</controlfield> <controlfield tag="008"> ||| u </controlfield> <datafield tag="020" ind1=" " ind2=" "> <subfield code="a">0-521-35025-5</subfield> </datafield> <datafield tag="020" ind1=" " ind2=" "> <subfield code="a">9780521350259</subfield> </datafield> <datafield tag="090" ind1=" " ind2=" "> <subfield code="a">216-Tho/1</subfield> </datafield> <datafield tag="100" ind1="1" ind2=" "> <subfield code="a">Thomas, Rosalind</subfield> </datafield> <datafield tag="245" ind1="0" ind2="0"> <subfield code="a">Oral traditions and written record in classical Athens</subfield> <subfield code="c">Rosalind Thomas</subfield> </datafield> <datafield tag="250" ind1=" " ind2=" "> <subfield code="a">Repr.</subfield> </datafield> <datafield tag="260" ind1=" " ind2=" "> <subfield code="a">Cambridge</subfield> <subfield code="b">Univ. Pr.</subfield> <subfield code="c">1990</subfield> </datafield> <datafield tag="300" ind1=" " ind2=" "> <subfield code="a">XIII, 321 S.</subfield> </datafield> <datafield tag="490" ind1="0" ind2=" "> <subfield code="a">Cambridge studies in oral and literate culture</subfield> <subfield code="v">18</subfield> </datafield> <datafield tag="830" ind1=" " ind2="0"> <subfield code="w">PL0000945</subfield> </datafield> <datafield tag="852" ind1=" " ind2=" "> <subfield code="c">216-Tho/1</subfield> <subfield code="m">BOOK</subfield> </datafield> </record> </collection>
hierarchy_parent_id MPIPL_cat.PL0000945
hierarchy_parent_title Cambridge studies in oral and literate culture
id MPIPL_cat.PL0051780
illustrated Not Illustrated
institution MPIPL_cat
institution_str MPIPL_cat
isbn 9780521350259
0-521-35025-5
language und
language_str und
last_indexed 2026-04-27T23:41:36Z
online false
online_MPIPL_cat false
online_str false
physical XIII, 321 S.
publishDate 1990
publishDate_str 1990
publisher Univ. Pr
record_format marc
series Cambridge studies in oral and literate culture
signature_search 216-Tho/1
spelling Thomas, Rosalind
Oral traditions and written record in classical Athens
Rosalind Thomas
Repr
Cambridge
Univ. Pr
1990
XIII, 321 S.
Cambridge studies in oral and literate culture
18
PL0000945
spellingShingle Thomas, Rosalind
Oral traditions and written record in classical Athens
Cambridge studies in oral and literate culture
title Oral traditions and written record in classical Athens
title_full Oral traditions and written record in classical Athens Rosalind Thomas
title_fullStr Oral traditions and written record in classical Athens Rosalind Thomas
title_full_unstemmed Oral traditions and written record in classical Athens Rosalind Thomas
title_search Oral traditions and written record in classical Athens
Cambridge studies in oral and literate culture
title_short Oral traditions and written record in classical Athens
title_sort oral traditions and written record in classical athens rosalind thomas